000 00623nam a22002057a 4500
005 20230921104020.0
010 _aENG-138210
020 _a9789393435071
_c999.00
035 _aEN-121742
037 _bDBAD/PUB
082 _a921
_2First 2022
100 _aSinha, Raiya
_957208
245 _aSardar Hari Singh Nalwa /
_cBy Raiya Sinha
250 _aFirst 2022
260 _aUttar Pradesh
_bRathore Publishers & Distributors
_c2022
270 _aBasement- 260, Shaktikand-III, Indirapuram
_bGhaziabad
_e201010
300 _a240 p.
_c23cm(hbk)
700 _eAuthor
_956915
942 _2ddc
_cEN
_h921
_mSIN
999 _c198481
_d198481